| 000 | 00601nam a2200181Ia 4500 | ||
|---|---|---|---|
| 008 | 151202s9999||||xx |||||||||||||| ||und|| | ||
| 082 | _bPNVM-80728 | ||
| 100 | _aखांबेटे दं.पा. | ||
| 245 | _aनवर्याचे संगोपन. | ||
| 260 | _bअंतरकर आनंद. | ||
| 260 | _c2007 | ||
| 300 | _a179 | ||
| 600 | _aखांबेटे दं.पा. | ||
| 630 | _aनवर्याचे संगोपन. | ||
| 700 | _aखांबेटे दं.पा. | ||
| 730 | _aनवर्याचे संगोपन. | ||
| 942 | _cBOOK | ||
| 999 |
_c1345336 _d1345333 |
||